Statistiques concernant Animaux en images par lettre - L

Cliquez ici pour prendre le quiz!

Statistiques générales

  • Ce quiz a été pris 1 813 fois
    (1 280 depuis la dernière actualisation)
  • Le résultat moyen est 14 sur 20

Statistiques - réponses

Réponse% Correct
Lapin
100%
Lion
100%
Lama
99%
Loup
99%
Libellule
98%
Lièvre
97%
Loutre
96%
Lynx
96%
Léopard
94%
Lézard
89%
Lémur
86%
Luciole
80%
Langouste
61%
Lamantin
57%
Lycaon
36%
Lamproie
32%
Limace de mer
28%
Léopard de mer
26%
Lucane
18%
Loir
10%

Distribution des résultats

Percentile par nombre de réponses

% des personnes avec chaque résultat

Votre développement - résultats

Vous n’avez pas pris ce quiz depuis la dernière actualisation